000 00694nam a2200205 a 4500
008 120416s2003 ||||||||||||||||| || u
020 _a041924610X
050 _aTA 645 Gha
100 _aGhali, A
245 1 0 _aStructural analysis
246 _aa unified classical and matrix approach
250 _a5th ed.
260 _aLondon
_bSpon Press
_c2003
300 _axxiii, 844p. : ill.
350 _a0.00
650 _aARCHITECTURAL DESIGN--EVALUATION
650 _aSTRUCTURAL ANALYSIS (ENGINEERING)--ARCHITECTURE
700 _aBrown, T. G
995 _D0.00
_FCBU-MAIN LIBRARY (Kitwe)
_H1
_I37.75
_M1
_UDAMAGED
_ZMain Library Open Access Collection
999 _c58657
_d58657